000 00573nam a2200193Ia 4500
003 LDD
008 181029s9999 xx 000 0 und d
020 _a9781586483951
_c
_26.00
040 _cLDD
100 _aTuran, Kenneth
245 0 _aNow in theaters everywhere
_ba celebration of certain kind of blockbuster
_cKenneth Turan
260 _aNew York
_bPublic Affairs
_c2006
300 _axiv, 385p
365 _b
_26.00
901 _a8545
_b14-02-2012
902 _a7698
_b17-02-2012
_cF
_dSELECT
_ePVA
903 _aDiscount-30
_bReqst by : Sunil Kumar
942 _2ddc
_cBK
999 _c102045
_d102045